| 000 | 00570nam a2200181 i 4500 | ||
|---|---|---|---|
| 001 | 47117 | ||
| 003 | ES-MaACL | ||
| 005 | 20230906161515.0 | ||
| 007 | t| | ||
| 008 | 030403s1972 sp ||||1| spa d | ||
| 245 | 0 | 0 | _aContribución de la historia de la prensa española contemporánea. |
| 260 |
_a[Madrid : _bInstituto de la Opinión Pública, _c1972] |
||
| 300 |
_a2 t. en 1 v. ; _c24 cm. |
||
| 490 | 1 |
_aEstudios de información ; _v21-22 |
|
| 830 | 0 |
_aEstudios de información ; _v21-22 _9230011 |
|
| 852 |
_aES-MaACL _jA-6461 _bR.94666 |
||
| 999 |
_c47117 _d47117 |
||